Mzda Príklady výpočtov mzdy. Predpisy k mzdovej agende
Guardado en:
| Formato: | Libro |
|---|---|
| Lenguaje: | eslovaco |
| Publicado: |
Žilina
EkonSpo
[1993]
|
| Edición: | 1. vyd. |
| Colección: | Účtovníctvo
|
| Materias: | |
| Etiquetas: |
Sin Etiquetas, Sea el primero en etiquetar este registro!
|
MARC
| LEADER | 00000nam a2200000 4500 | ||
|---|---|---|---|
| 001 | c005377 | ||
| 005 | 20221128073417.2 | ||
| 020 | |a 80-7156-024-3 | ||
| 041 | 0 | |a slo | |
| 044 | |a SK | ||
| 245 | 1 | 0 | |a Mzda |b Príklady výpočtov mzdy. Predpisy k mzdovej agende |
| 250 | |a 1. vyd. | ||
| 264 | 1 | |a Žilina |b EkonSpo |c [1993] | |
| 300 | |a 46 s. | ||
| 490 | 1 | |a Účtovníctvo | |
| 830 | 0 | |a Účtovníctvo | |
| 610 | 2 | 0 | |a mzdy |
| 610 | 2 | 0 | |a predpisy mzdové |
| 610 | 2 | 0 | |a zákony |
| 610 | 2 | 0 | |a ČSFR |